Central Library OPAC University of Rajshahi

রাজশাহীর ইতিহাস / (Record no. 37937)

MARC details
000 -LEADER
fixed length control field 00934nam a2200241 4500
001 - CONTROL NUMBER
control field 37937
003 - CONTROL NUMBER IDENTIFIER
rucl marc code BD-RjUL
005 - DATE AND TIME OF LATEST TRANSACTION
control field 20211209052706.0
008 - FIXED-LENGTH DATA ELEMENTS--GENERAL INFORMATION
fixed length control field 150813s1965 bg ||||| |||| 00| 0 ben d
020 ## - INTERNATIONAL STANDARD BOOK NUMBER
Terms of availability : PRs. 11.00 (V-2)
035 ## - SYSTEM CONTROL NUMBER
System control number (BD-RjUL)38042
040 ## - CATALOGING SOURCE
Original cataloging agency BD-RjUL
Language of cataloging ben
Transcribing agency BD-RjUL
041 ## - LANGUAGE CODE
Language code of text/sound track or separate title ben
082 ## - DEWEY DECIMAL CLASSIFICATION NUMBER
Classification number 954.924
Author mark and year MER 1965
100 ## - MAIN ENTRY--PERSONAL NAME
Personal name মিছের, কাজী মোহাম্মদ
9 (RLIN) 117523
245 ## - TITLE STATEMENT
Title রাজশাহীর ইতিহাস /
Statement of responsibility, etc. কাজী মোহাম্মদ মিছের
260 ## - PUBLICATION, DISTRIBUTION, ETC. (IMPRINT)
Place of publication, distribution, etc. ঢাকা :
Name of publisher, distributor, etc. নওরোজ কিতাবিস্তান,
Date of publication, distribution, etc. ১৯৬৫.
300 ## - PHYSICAL DESCRIPTION
Pagination ২ খণ্ড. :
Illustrations চিত্র ;
Size ২২ সেমি.
505 0# - FORMATTED CONTENTS NOTE
Formatted contents note খণ্ড ১ -- খণ্ড ২ --
651 ## - SUBJECT ADDED ENTRY--GEOGRAPHIC NAME
Geographic name বাংলাদেশ
Geographic subdivision রাজশাহী
General subdivision ইতিহাস
9 (RLIN) 220780
Geographic name Bangladesh
Geographic subdivision Rajshahi
General subdivision History
9 (RLIN) 220781
942 ## - ADDED ENTRY ELEMENTS (KOHA)
Source of classification or shelving scheme Dewey Decimal Classification
Koha item type Books
Holdings
Lost status Source of classification or shelving scheme Damaged status Not for loan Collection code Permanent Location Current Location Shelving location Date acquired Source of acquisition Cost, normal purchase price Total Checkouts Full call number Date last seen Date checked out Copy number Koha item type Total Renewals
  Dewey Decimal Classification     Non-fiction Central Library, University of Rajshahi Central Library, University of Rajshahi   07/02/1965 Dhaka, Nawroge Kitabistan 3.50 1 B 954.924 MER V-1 1965 31/08/2015 16/08/2015 C-2 Books  
  Dewey Decimal Classification     Non-fiction Central Library, University of Rajshahi Central Library, University of Rajshahi   24/12/2012 Photocoppy RUCL     B 954.924 MER V-2 1965 13/11/2016   C-2 Books  
  Dewey Decimal Classification     Non-fiction Central Library, University of Rajshahi Central Library, University of Rajshahi   24/12/2012 Photocoppy RUCL   4 B 954.924 MER V-2 1965 02/11/2025 20/10/2025 C-3 Books 1
  Dewey Decimal Classification     Non-fiction Central Library, University of Rajshahi Central Library, University of Rajshahi   20/05/1966 Dhaka, Nawroge Kitabistan 8.00 4 B 954.924 MER V-1 1965 07/07/2019 29/01/2019 C-3 Books 1
  Dewey Decimal Classification     Non-fiction Central Library, University of Rajshahi Central Library, University of Rajshahi   24/12/2012 Photocoppy RUCL   1 B 954.924 MER V-1 1965 09/04/2019 01/04/2019 C-4 Books  
  Dewey Decimal Classification   Not For Loan Rare Books Central Library, University of Rajshahi Central Library, University of Rajshahi Rare Book Section 20/05/1965 Nowroze Kitabistan, Dacca 8.00   BRA 954.924 MER V-1 1965 26/04/2017   C-1 Rare Books  
  Dewey Decimal Classification   Not For Loan Rare Books Central Library, University of Rajshahi Central Library, University of Rajshahi Rare Book Section 20/05/1966 Dhaka, Nowroze Kitabistan 11.00   BRA 954.924 MER V-2 1965 28/03/2018   C-1 Rare Books  
  Dewey Decimal Classification   Not For Loan Rare Books Central Library, University of Rajshahi Central Library, University of Rajshahi Rare Book Section 11/07/1968 Dhaka, Nowroze Kitabistan 11.00   BRA 954.924 MER V-2 1965 28/03/2018   C-4 Books  
  Dewey Decimal Classification     Non-fiction Central Library, University of Rajshahi Central Library, University of Rajshahi   24/12/2012 RUCL     B 954.924 MER V-1 1965 05/11/2019   C-5 Books  
  Dewey Decimal Classification     Non-fiction Central Library, University of Rajshahi Central Library, University of Rajshahi   24/12/2012 RUL, Photpcopy   2 B 954.924 MER V-2 1965 24/12/2023 12/12/2023 C-5 Books  
  Dewey Decimal Classification     Non-fiction Central Library, University of Rajshahi Central Library, University of Rajshahi General Stacks 11/07/1968 Central Library, University of Rajshahi 11.00   B 954.924 MER V-2 1965 20/11/2022   C-2 Books